Роль человеческого фактора в крупнейших ядерных катастрофах; Научная инициатива иностранных студентов и аспирантов; Т. 1

Detalhes bibliográficos
Parent link:Научная инициатива иностранных студентов и аспирантов: сборник докладовI Международной научно-практической конференции, Томск, 27-29 апреля 2021 г./ Национальный исследовательский Томский политехнический университет, Школа базовой инженерной подготовки.— , 2021
Т. 1.— 2021.— [С. 76-81]
Autor principal: Банщикова М. А. Маргарита Александровна
Autor Corporativo: Национальный исследовательский Томский политехнический университет Школа базовой инженерной подготовки Отделение социально-гуманитарных наук
Outros Autores: Мельникова А. С. Анастасия Сергеевна (научный руководитель), Татаринцева М. А. Мария Алексеевна, Агранович В. Б. Виктория Борисовна
Resumo:Заглавие с титульного экрана
Idioma:russo
Publicado em: 2021
Colecção:Актуальные проблемы инженерных наук
Assuntos:
Acesso em linha:http://earchive.tpu.ru/handle/11683/67789
Formato: Recurso Electrónico Capítulo de Livro
KOHA link:https://koha.lib.tpu.ru/cgi-bin/koha/opac-detail.pl?biblionumber=633035

MARC

LEADER 00000naa2a2200000 4500
001 633035
005 20231101133736.0
035 |a (RuTPU)RU\TPU\conf\34768 
035 |a RU\TPU\conf\34767 
090 |a 633035 
100 |a 20210623d2021 k y0rusy50 ca 
101 0 |a rus 
102 |a RU 
105 |a y z 101zy 
135 |a drgn ---uucaa 
181 0 |a i  
182 0 |a b 
200 1 |a Роль человеческого фактора в крупнейших ядерных катастрофах  |f М. А. Банщикова, А. С. Мельникова, М. А. Татаринцева  |g науч. рук. В. Б. Агранович 
203 |a Текст  |c электронный 
225 1 |a Актуальные проблемы инженерных наук 
230 |a 1 компьютерный файл (pdf; 317 Kb) 
300 |a Заглавие с титульного экрана 
320 |a [Библиогр.: с. 80-81 (6 назв.)] 
461 1 |0 (RuTPU)RU\TPU\conf\34751  |t Научная инициатива иностранных студентов и аспирантов  |o сборник докладовI Международной научно-практической конференции, Томск, 27-29 апреля 2021 г.  |o в 2 т.  |f Национальный исследовательский Томский политехнический университет, Школа базовой инженерной подготовки  |d 2021 
463 1 |0 (RuTPU)RU\TPU\conf\34753  |t Т. 1  |v [С. 76-81]  |d 2021 
610 1 |a труды учёных ТПУ 
610 1 |a электронный ресурс 
610 1 |a человеческий фактор 
610 1 |a ядерные катастрофы 
610 1 |a правила безопасности 
610 1 |a безопасность 
610 1 |a ядерно-энергетические установки 
610 1 |a искусственный интеллект 
610 1 |a автоматизация 
700 1 |a Банщикова  |b М. А.  |g Маргарита Александровна 
701 1 |a Мельникова  |b А. С.  |g Анастасия Сергеевна 
701 1 |a Татаринцева  |b М. А.  |g Мария Алексеевна 
702 1 |a Агранович  |b В. Б.  |c философ  |c доцент Томского политехнического университета, кандидат философских наук  |f 1967-  |g Виктория Борисовна  |2 stltpush  |4 727 
712 0 2 |a Национальный исследовательский Томский политехнический университет  |b Школа базовой инженерной подготовки  |b Отделение социально-гуманитарных наук  |h 8033  |2 stltpush  |3 (RuTPU)RU\TPU\col\23512 
801 2 |a RU  |b 63413507  |c 20210625  |g RCR 
856 4 |u http://earchive.tpu.ru/handle/11683/67789 
942 |c BK